International comparative legal guide series (Record no. 120557)
[ view plain ]
| 000 -LEADER | |
|---|---|
| fixed length control field | 01074cai a2200241 4500 |
| 001 - CONTROL NUMBER | |
| control field | L136155 |
| 008 - FIXED-LENGTH DATA ELEMENTS--GENERAL INFORMATION | |
| fixed length control field | 070115n 000 0 eng u |
| 035 ## - SYSTEM CONTROL NUMBER | |
| System control number | (Sirsi) u136155 |
| 041 0# - LANGUAGE CODE | |
| Language code of text/sound track or separate title | eng |
| 110 2# - MAIN ENTRY--CORPORATE NAME | |
| Corporate name or jurisdiction name as entry element | International comparative legal guide |
| 9 (RLIN) | 5711 |
| 245 00 - TITLE STATEMENT | |
| Title | International comparative legal guide series |
| Medium | [electronic resource] |
| 505 20 - FORMATTED CONTENTS NOTE | |
| Formatted contents note | Real estate 2008 |
| 505 20 - FORMATTED CONTENTS NOTE | |
| Formatted contents note | Corporate recovery and insolvency 2008 -- International Arbitration |
| 520 ## - SUMMARY, ETC. | |
| Summary, etc. | Provides current and practical comparative legal information on a range of practice areas including, property law, environmental law, mergers and acquisitions, and international arbitration. Guides follow a question and answer format to provide a comprehensive coverage of each topic within different legal systems world-wide. |
| 590 ## - LOCAL NOTE (RLIN) | |
| Local note | KA |
| 651 #4 - SUBJECT ADDED ENTRY--GEOGRAPHIC NAME | |
| Geographic name | International |
| 690 ## - LOCAL SUBJECT ADDED ENTRY--TOPICAL TERM (OCLC, RLIN) | |
| Topical term or geographic name as entry element | PROPERTY |
| 690 ## - LOCAL SUBJECT ADDED ENTRY--TOPICAL TERM (OCLC, RLIN) | |
| Topical term or geographic name as entry element | LAW |
| 690 ## - LOCAL SUBJECT ADDED ENTRY--TOPICAL TERM (OCLC, RLIN) | |
| Topical term or geographic name as entry element | BUILT ENVIRONMENT |
| 690 ## - LOCAL SUBJECT ADDED ENTRY--TOPICAL TERM (OCLC, RLIN) | |
| Topical term or geographic name as entry element | ENVIRONMENTAL AND LAND CONSULTANCY |
| 856 40 - ELECTRONIC LOCATION AND ACCESS | |
| Uniform Resource Identifier | <a href="https://www.iclg.co.uk/">https://www.iclg.co.uk/</a> |
| Public note | View the website free of charge at www.iclg.co.uk/... |
| 942 ## - ADDED ENTRY ELEMENTS (KOHA) | |
| Suppress in OPAC | 0 |
| Withdrawn status | Lost status | Source of classification or shelving scheme | Damaged status | Not for loan | Home library | Current library | Shelving location | Date acquired | Total Checkouts | Full call number | Barcode | Date last seen | Copy number | Price effective from | Koha item type |
|---|---|---|---|---|---|---|---|---|---|---|---|---|---|---|---|
| Dewey Decimal Classification | Virtual | Virtual | Online | 15/01/2007 | WEBSITE | 136155-2001 | 06/08/2019 | 1 | 06/08/2019 | Online material |